[Event "AUTO-ADV-909"]
[Site "http://www.queenalice.com/game.php?id=402927"]
[Date "2008.5.14"]
[Round "1"]
[White "reginaldox"]
[Black "awana81"]
[Result "0-1"]
[WhiteElo "1766"]
[BlackElo "2017"]

1. b4 e5 2. Bb2 f6 3. b5 d5 4. e3 Bf5 5. c4 Ne7 6. d3 dxc4 7. dxc4 Qxd1+ 8. Kxd1
c6 9. a4 Nd7 10. Nf3 Nc5 11. Nbd2 Rd8 12. Ra2 Ng6 13. Be2 Nb3 14. Bc3 Bc5 15. h3
O-O 16. Ke1 Nc1 17. Rb2 Nxe2 18. Kxe2 Bd3+ 19. Ke1 Rd7 20. Nb3 Be7 21. Nbd2 Rfd8
22. Nb3 Bxc4 23. Rb1 Bxb3 0-1

[Event "AUTO-ADV-909"]
[Site "http://www.queenalice.com/game.php?id=402928"]
[Date "2008.5.14"]
[Round "1"]
[White "awana81"]
[Black "jamescow"]
[Result "1-0"]
[WhiteElo "1989"]
[BlackElo "1956"]

1. e4 e5 2. Nf3 Nc6 3. d4 d6 4. d5 Nce7 5. Nc3 Nf6 6. Bg5 h6 7. Bxf6 gxf6 8. Be2
Rg8 9. Nh4 Ng6 10. Nxg6 fxg6 11. Qd3 Bd7 12. O-O-O f5 13. f3 1-0

[Event "AUTO-ADV-909"]
[Site "http://www.queenalice.com/game.php?id=402929"]
[Date "2008.5.14"]
[Round "1"]
[White "jamescow"]
[Black "awana81"]
[Result "0-1"]
[WhiteElo "1941"]
[BlackElo "2004"]

1. e4 c5 2. Nf3 e6 3. d4 d5 4. Nc3 Nc6 5. Be3 Nf6 6. e5 Ne4 7. Bb5 Nxc3 8. bxc3
c4 9. g4 Qa5 10. Bxc6+ bxc6 11. Kd2 f6 12. Qb1 c5 13. a4 cxd4 14. Bxd4 Bc5 0-1

[Event "Challenge"]
[Site "http://www.queenalice.com/game.php?id=421556"]
[Date "2008.6.22"]
[Round "-"]
[White "alvarogoulart"]
[Black "awana81"]
[Result "0-1"]
[WhiteElo "1814"]
[BlackElo "1980"]

1. e4 e5 2. Bc4 Nf6 3. Nf3 Nc6 4. Ng5 Bc5 5. Nxf7 Qe7 6. Nxh8 Bxf2+ 7. Kf1 d5 8.
exd5 Nd4 9. d6 Qxd6 10. Nf7 Qc5 11. d3 Bg4 12. Qd2 Ne2 13. Nc3 Bg1 14. Qe1 e4
15. Ng5 Qf5+ 16. Nf3 exf3 17. Nxe2 fxe2+ 18. Kxg1 Qc5+ 19. Qf2 e1=R# 0-1

[Event "Challenge"]
[Site "http://www.queenalice.com/game.php?id=421559"]
[Date "2008.6.22"]
[Round "-"]
[White "awana81"]
[Black "alvarogoulart"]
[Result "1-0"]
[WhiteElo "2003"]
[BlackElo "1829"]

1. e4 e5 2. c3 Bc5 3. Nf3 d6 4. d4 exd4 5. cxd4 Bb4+ 6. Bd2 Bxd2+ 7. Qxd2 Nf6 8.
Nc3 Bg4 9. Be2 Nc6 10. d5 Ne5 11. Nxe5 dxe5 12. O-O Bxe2 13. Qxe2 a6 14. f4 Nd7
15. Qg4 g6 16. fxe5 Nxe5 17. Qf4 Qe7 18. Rad1 O-O 19. h3 Rad8 20. Kh1 Rde8 21.
Qh6 Qb4 22. Rf4 f5 23. exf5 Qxb2 24. fxg6 Nxg6 25. Rxf8+ Rxf8 26. Qe3 Rf2 27.
Qe6+ Kg7 28. Ne4 Qe2 29. Rg1 Rf4 30. Ng5 Qh5 31. Qd7+ Kh6 32. Nf7+ Kg7 33. Nd6+
Kh8 34. Nxb7 Ne5 35. Qd8+ Kg7 36. Qxc7+ Rf7 37. Qb6 Nc4 38. Qd4+ Kf8 39. Qxc4
Rxb7 40. Qc8+ Qe8 41. Qxb7 Qa4 42. Rf1+ Ke8 43. Rf7 Kd8 44. Qb8# 1-0

[Event "AUTO-OPEN-1052"]
[Site "http://www.queenalice.com/game.php?id=443820"]
[Date "2008.8.5"]
[Round "2"]
[White "daf88"]
[Black "awana81"]
[Result "1/2-1/2"]
[WhiteElo "2034"]
[BlackElo "1986"]

1. e4 e5 2. Nf3 Nc6 3. Bb5 a6 4. Ba4 Nf6 5. O-O Nxe4 6. Re1 Nc5 7. Nxe5 Nxe5 8.
Rxe5+ Be7 9. Bb3 Nxb3 10. axb3 d6 11. Re1 O-O 12. d4 d5 13. c4 c6 14. Nc3 Be6
15. c5 b6 16. b4 Bf6 17. Bf4 a5 18. bxa5 bxc5 19. dxc5 Rxa5 20. Rxa5 Qxa5 21.
Bd6 Ra8 22. Ne2 Bxb2 23. h3 Ba3 24. Nd4 Bb4 25. Nxc6 Qb5 26. Nxb4 Qxb4 27. Qb1
1/2-1/2

[Event "AUTO-OPEN-1052"]
[Site "http://www.queenalice.com/game.php?id=443821"]
[Date "2008.8.5"]
[Round "2"]
[White "awana81"]
[Black "daf88"]
[Result "1/2-1/2"]
[WhiteElo "1988"]
[BlackElo "2033"]

1. e4 e6 2. d4 d5 3. e5 c5 4. c3 Nc6 5. Nf3 Qb6 6. Be2 cxd4 7. cxd4 Nge7 8. Nc3
Nf5 9. Na4 Qa5+ 10. Nc3 Bb4 11. O-O Bxc3 12. bxc3 Qxc3 13. Bd2 Qa3 14. Be3 Nxe3
15. fxe3 Qxe3+ 16. Kh1 Bd7 17. Qd3 Qxd3 18. Bxd3 O-O 19. Ng5 Nxd4 20. Bxh7+ Kh8
21. Rf4 Nf5 22. Rb1 Bc6 23. Bxf5 exf5 24. Rxf5 f6 25. Rbf1 Kg8 26. exf6 gxf6 27.
Rxf6 Rxf6 28. Rxf6 Kg7 29. Rd6 Re8 30. h4 Rh8 31. g3 Rh6 32. Ne6+ Kg8 33. Kh2
Kf7 34. Nd8+ Kg7 35. Nxb7 Bxb7 36. Rd7+ Kf6 37. Rxb7 Ke5 38. Rxa7 d4 39. Kg2 Ke4
40. Kf2 Rd6 41. Ke2 d3+ 42. Kd2 Rd4 43. Re7+ Kf5 44. Re3 Ra4 45. Kxd3 Rxa2 46.
Rf3+ Kg4 47. Re3 Ra3+ 48. Ke2 Ra2+ 49. Kf1 Rb2 1/2-1/2

[Event "AUTO-OPEN-1052"]
[Site "http://www.queenalice.com/game.php?id=443826"]
[Date "2008.8.5"]
[Round "2"]
[White "awana81"]
[Black "moreira75"]
[Result "1-0"]
[WhiteElo "2018"]
[BlackElo "1280"]

1. e4 c5 2. f4 c4 3. Bxc4 e6 4. Nf3 d6 5. d4 Qa5+ 6. Bd2 Qb6 7. b3 Nf6 8. Nc3 d5
9. exd5 exd5 10. Bxd5 Nxd5 11. Nxd5 Qe6+ 12. Ne3 Qf6 13. Qe2 Qxf4 14. Nd5+ Kd7
15. Bxf4 Rg8 16. Nc7 Bd6 17. Bxd6 Kxd6 18. Nxa8 f5 19. Qe5+ Kc6 20. Qc5+ Kd7 21.
Ne5+ Ke6 22. Nc7+ Kf6 23. Qd6+ Be6 24. Qxe6+ Kg5 25. Nf3+ Kf4 26. Qe5+ Kg4 27.
Qg3+ Kh5 28. Qg5# 1-0

[Event "AUTO-OPEN-1052"]
[Site "http://www.queenalice.com/game.php?id=443827"]
[Date "2008.8.5"]
[Round "2"]
[White "moreira75"]
[Black "awana81"]
[Result "0-1"]
[WhiteElo "1284"]
[BlackElo "2016"]

1. e4 d5 2. f3 dxe4 3. fxe4 e5 4. Nf3 Nc6 5. Bb5 Bc5 6. Nxe5 Qh4+ 7. Ke2 Qxe4+
8. Kf1 Qxe5 9. a3 Nf6 10. d3 Bg4 11. Qe1 O-O 12. h3 Qxe1+ 13. Kxe1 Rae8+ 14. Kd2
Re2+ 15. Kc3 Bd4+ 16. Kc4 Be6# 0-1

[Event "Challenge"]
[Site "http://www.queenalice.com/game.php?id=451483"]
[Date "2008.8.21"]
[Round "-"]
[White "nandocassapava"]
[Black "awana81"]
[Result "1-0"]
[WhiteElo "2005"]
[BlackElo "2020"]

1. d4 Nf6 2. Nc3 d5 3. Bg5 Bf5 4. Bxf6 gxf6 5. e3 e6 6. Nf3 Nc6 7. Rg1 Bb4 8. a3
Bd6 9. Nb5 Be4 10. h3 e5 11. dxe5 fxe5 12. c4 Be7 13. cxd5 Bxd5 14. Qxd5 Qxd5
15. Nxc7+ Kd7 16. Nxd5 e4 17. Nd2 f5 18. g4 Rhg8 19. Rd1 Ne5 20. Bb5+ Kd8 21.
Ke2 a6 22. gxf5 1-0

[Event "AUTO-ADV-909"]
[Site "http://www.queenalice.com/game.php?id=460494"]
[Date "2008.9.9"]
[Round "2"]
[White "awana81"]
[Black "MarceloBecker"]
[Result "0-1"]
[WhiteElo "1963"]
[BlackElo "2177"]

1. e4 c6 2. d4 d5 3. e5 e6 4. Nf3 c5 5. Nc3 Nc6 6. Bb5 cxd4 7. Nxd4 Qb6 8. Be3
Qc7 9. Qh5 a6 10. Bxc6+ bxc6 11. Nf3 Rb8 12. b3 Ne7 13. O-O c5 14. Bg5 Ng6 15.
Rfe1 Be7 16. Bxe7 Qxe7 17. Ne2 Rb4 18. a3 Re4 19. Nc3 Rf4 20. g3 Rf5 21. Qg4 h5
22. Qa4+ Bd7 23. Qxa6 Rxf3 24. Qa8+ Qd8 25. Qxd8+ Kxd8 26. Nd1 h4 27. Re3 hxg3
0-1

[Event "AUTO-ADV-909"]
[Site "http://www.queenalice.com/game.php?id=460495"]
[Date "2008.9.9"]
[Round "2"]
[White "MarceloBecker"]
[Black "awana81"]
[Result "1-0"]
[WhiteElo "2163"]
[BlackElo "1993"]

1. e4 e5 2. Nf3 Nc6 3. d4 exd4 4. Bc4 Bc5 5. O-O Nf6 6. e5 Ng4 7. Bg5 Be7 8. Bf4
d5 9. Bb5 O-O 10. h3 Nh6 11. Bxh6 gxh6 12. Re1 Bg5 13. Bxc6 bxc6 14. Qxd4 Bf5
15. Qc5 Qd7 16. Nxg5 hxg5 17. c4 Be6 18. Nc3 f6 19. Rad1 fxe5 20. cxd5 cxd5 21.
Nxd5 Bxd5 22. Rxd5 1-0

[Event "Challenge"]
[Site "http://www.queenalice.com/game.php?id=463119"]
[Date "2008.9.14"]
[Round "-"]
[White "ORNELAS"]
[Black "awana81"]
[Result "1-0"]
[WhiteElo "1705"]
[BlackElo "2014"]

1. b3 e5 2. d3 Nc6 3. g3 d5 4. Bg2 Nf6 5. Bb2 d4 6. c3 Bc5 7. c4 O-O 8. a3 Bf5
9. b4 Be7 10. Nf3 e4 11. Nh4 Qd7 12. Nxf5 Qxf5 13. O-O Rad8 14. Nd2 exd3 15.
exd3 Qxd3 16. Re1 Qf5 17. Rb1 Ne5 18. Ne4 d3 19. Nd2 c6 20. Bxe5 Ng4 21. Nf3 Bg5
22. Nd4 Qxf2+ 23. Kh1 Qa2 24. Qxg4 Be3 25. Qxg7# 1-0

[Event "Winter Game 1"]
[Site "http://www.queenalice.com/game.php?id=505668"]
[Date "2008.12.10"]
[Round "-"]
[White "awana81"]
[Black "attachui"]
[Result "0-1"]
[WhiteElo "1945"]
[BlackElo "1994"]

1. e4 c5 2. Nf3 d6 3. d4 cxd4 4. Nxd4 Nf6 5. Nc3 a6 6. f4 Nbd7 7. Be2 e6 8. O-O
Be7 9. Kh1 b5 10. Nc6 Qb6 11. Nxe7 Kxe7 12. f5 Bb7 13. fxe6 fxe6 14. Qd3 Nc5 15.
Qe3 Qc6 16. Qg5 Rhg8 17. Bf3 Qc7 18. a3 Raf8 19. Bf4 e5 20. Bg3 Ne6 21. Qd2 Qc4
22. Rad1 Nd4 23. b3 Qc7 24. Bh4 h6 25. Nd5+ Bxd5 26. exd5 Nxf3 27. Rxf3 g5 28.
Bf2 Ne4 29. Qe3 Rxf3 30. gxf3 Qxc2 31. Qa7+ Kf6 32. Rf1 Nxf2+ 33. Rxf2 Qxb3 34.
Qxa6 Qxd5 35. Kg1 Ra8 0-1

[Event "Winter Game 2"]
[Site "http://www.queenalice.com/game.php?id=505669"]
[Date "2008.12.10"]
[Round "-"]
[White "attachui"]
[Black "awana81"]
[Result "1-0"]
[WhiteElo "2071"]
[BlackElo "1956"]

1. Nc3 c5 2. e4 Nc6 3. f4 g6 4. Nf3 Bg7 5. Bc4 e6 6. Nb5 d6 7. O-O Nge7 8. Re1
a6 9. Nc3 b5 10. Be2 Bb7 11. a3 O-O 12. d3 Nd4 13. Be3 Nxf3+ 14. Bxf3 b4 15.
axb4 cxb4 16. Na4 f5 17. Bb6 Qd7 18. e5 Bxf3 19. Qxf3 a5 20. exd6 Qxd6 21. Bc5
Bd4+ 22. Bxd4 Qxd4+ 23. Qe3 Qxe3+ 24. Rxe3 Nd5 25. Rxe6 Nxf4 26. Re5 Rfc8 27.
Nb6 Re8 28. Raxa5 Rxe5 29. Rxe5 Ra2 30. Nc4 Ra1+ 31. Kf2 Rc1 32. Ne3 Kf7 33. Rb5
1-0

[Event "Challenge"]
[Site "http://www.queenalice.com/game.php?id=531630"]
[Date "2009.1.30"]
[Round "-"]
[White "ORNELAS"]
[Black "awana81"]
[Result "0-1"]
[WhiteElo "1657"]
[BlackElo "1990"]

1. d4 Nf6 2. d5 e6 3. dxe6 fxe6 4. Bg5 Be7 5. Qd2 d5 6. c3 Qd7 7. Nf3 Nc6 8. e3
Ne4 9. Qc2 Nxg5 10. Nbd2 e5 11. Nxg5 Bxg5 12. Bd3 e4 13. Bb5 a6 14. Bxc6 bxc6
15. O-O-O O-O 16. h3 Rxf2 17. Rhe1 Rxg2 18. Qa4 Rb8 19. Kb1 Qe6 20. Qa5 Rb6 21.
Qa3 Qxh3 22. Ka1 Qh4 23. Qc5 Rxd2 24. Rb1 Be7 25. Qa3 Bxa3 26. bxa3 Rxb1+ 27.
Rxb1 Qf2 28. Rb8 Rxa2+ 29. Kb1 Qc2# 0-1

[Event "Challenge"]
[Site "http://www.queenalice.com/game.php?id=560301"]
[Date "2009.3.23"]
[Round "-"]
[White "Magico"]
[Black "awana81"]
[Result "1-0"]
[WhiteElo "1596"]
[BlackElo "2018"]

1. d4 Nf6 2. c3 g6 3. Nf3 Bg7 4. Bg5 O-O 5. Bxf6 Bxf6 6. Nbd2 d5 7. e3 Nc6 8.
Bb5 Qd6 9. Bxc6 bxc6 10. Nb3 Ba6 11. Nbd2 Rab8 12. b4 1-0

[Event "AUTO-OPEN-1052"]
[Site "http://www.queenalice.com/game.php?id=561616"]
[Date "2009.3.25"]
[Round "3"]
[White "awana81"]
[Black "daf88"]
[Result "0-1"]
[WhiteElo "1975"]
[BlackElo "2085"]

1. e4 e6 2. d4 d5 3. Nc3 Nf6 4. e5 Nfd7 5. f4 c5 6. Nf3 Nc6 7. Be3 Qb6 8. Rb1
cxd4 9. Nxd4 Nxd4 10. Bxd4 Bc5 0-1

[Event "AUTO-OPEN-1052"]
[Site "http://www.queenalice.com/game.php?id=561617"]
[Date "2009.3.25"]
[Round "3"]
[White "daf88"]
[Black "awana81"]
[Result "1-0"]
[WhiteElo "2072"]
[BlackElo "1988"]

1. e4 e5 2. Nf3 Nc6 3. Bb5 a6 4. Ba4 Nf6 5. O-O Nxe4 6. Re1 Nc5 7. Nxe5 Nxe5 8.
Rxe5+ Be7 9. Bb3 Nxb3 10. axb3 d6 11. Re1 1-0